Ingeniería del software. Un enfoque práctico

সংরক্ষণ করুন:
গ্রন্থ-পঞ্জীর বিবরন
প্রধান লেখক: Pressman, Roger S. (Author)
বিন্যাস: গ্রন্থ
ভাষা:স্প্যানিশ
প্রকাশিত: Madrid, España McGraw Hill 2002
সংস্করন:Quinta edición
বিষয়গুলি:
অনলাইন ব্যবহার করুন:Disponible Online
ট্যাগগুলো: ট্যাগ যুক্ত করুন
কোনো ট্যাগ নেই, প্রথমজন হিসাবে ট্যাগ করুন!

MARC

LEADER 00000nam a2200000 a 4500
001 UCM1199
003 CL-VaPUC
005 20240104150741.0
008 020328e20020000SP |||||||||||||||||spa|d
999 |c 299800  |d 299798 
020 |a 8448132149 
040 |c Pontificia Universidad Católica de Valparaíso 
082 0 4 |a 005.1 PRE 2002  |2 21 
100 0 |a Pressman, Roger S.  |e author  |9 468172 
245 1 0 |a Ingeniería del software.  |b Un enfoque práctico 
250 |a Quinta edición  
260 |a Madrid, España   |b McGraw Hill  |c 2002 
300 |a 601 páginas  
505 |a Parte Primera. El Proyecto y el Proceso. Parte Segunda. Gestión de Proyectos de Software. Parte Tercera. Métodos Convencionales para la Ingeniería del Software. Parte Cuarta. Métodos Ingeniería del Software Orientada a Objetos. Parte Quinta. Métodos Temas Avanzados en Ingeniería del Software. 
583 |a last modification  |c 20190713 21:45:54  |k Rodrigo Vera 
650 0 |a Análisis de sistemas   |9 260059 
650 0 |a Ingeniería de sistemas   |9 261019 
650 0 |a Ingeniería de software   |9 263866 
852 |a BIBCUR 
856 |u http://bibliografiadigital.pucv.cl.pucv.idm.oclc.org/index.php/bibliotecapucv/catalog/book/157  |y Disponible Online  
942 |c BK  |2 ddc 
945 |d 20020328 00:00:00  |a vberengu 
952 |0 0  |1 0  |4 0  |6 005_100000000000000_PRE_2002  |7 0  |8 P  |9 356724  |a BIBING  |b BIBING  |d 2019-11-21  |i 3802361  |o 005.1 PRE 2002  |p 3802361  |r 2023-03-02  |w 2019-11-21  |y BK  |k ING 
952 |0 0  |1 0  |4 0  |6 005_100000000000000_PRE_2002  |7 0  |8 A  |9 356726  |a BIBGIM  |b BIBGIM  |d 2019-11-21  |i 4045521  |o 005.1 PRE 2002  |p 4045521  |r 2025-01-15  |w 2019-11-21  |y BK  |k COM 
952 |0 0  |1 0  |4 0  |6 005_100000000000000_PRE_2002  |7 0  |8 A  |9 356727  |a BIBGIM  |b BIBGIM  |d 2019-11-21  |i 404553K  |o 005.1 PRE 2002  |p 404553K  |r 2025-01-15  |w 2019-11-21  |y BK  |k COM 
952 |0 0  |1 0  |4 0  |6 005_100000000000000_PRE_2002  |7 0  |8 A  |9 356728  |a BIBGIM  |b BIBGIM  |d 2019-11-21  |i 4045548  |o 005.1 PRE 2002  |p 4045548  |r 2025-01-15  |w 2019-11-21  |y BK  |k COM 
952 |0 0  |1 0  |4 0  |6 005_100000000000000_PRE_2002  |7 0  |8 A  |9 356729  |a BIBGIM  |b BIBGIM  |d 2019-11-21  |i 4045556  |o 005.1 PRE 2002  |p 4045556  |r 2025-01-15  |w 2019-11-21  |y BK  |k COM 
952 |0 0  |1 0  |4 0  |6 005_100000000000000_PRE_2002  |7 0  |8 A  |9 356730  |a BIBGIM  |b BIBGIM  |d 2019-11-21  |i 4045564  |o 005.1 PRE 2002  |p 4045564  |r 2025-01-15  |w 2019-11-21  |y BK  |k COM 
952 |0 0  |1 0  |4 0  |6 005_100000000000000_PRE_2002  |7 0  |8 A  |9 356731  |a BIBGIM  |b BIBGIM  |d 2019-11-21  |i 4045572  |o 005.1 PRE 2002  |p 4045572  |r 2025-01-15  |w 2019-11-21  |y BK  |k COM 
952 |0 0  |1 0  |4 0  |6 005_100000000000000_PRE_2002  |7 0  |8 A  |9 356732  |a BIBGIM  |b BIBGIM  |d 2019-11-21  |i 4045580  |o 005.1 PRE 2002  |p 4045580  |r 2025-01-15  |w 2019-11-21  |y BK  |k COM 
952 |0 0  |1 0  |4 0  |6 005_100000000000000_PRE_2002  |7 0  |8 A  |9 356733  |a BIBGIM  |b BIBGIM  |d 2019-11-21  |i 4045599  |l 1  |m 1  |o 005.1 PRE 2002  |p 4045599  |r 2025-01-15  |s 2024-10-23  |w 2019-11-21  |y BK  |k COM 
952 |0 0  |1 0  |4 0  |6 005_100000000000000_PRE_2002  |7 0  |8 A  |9 356734  |a BIBGIM  |b BIBGIM  |d 2019-11-21  |i 4045602  |l 1  |m 2  |o 005.1 PRE 2002  |p 4045602  |r 2025-01-15  |s 2023-05-23  |w 2019-11-21  |y BK  |k COM 
952 |0 0  |1 0  |4 0  |6 005_100000000000000_PRE_2002  |7 0  |8 A  |9 356735  |a BIBGIM  |b BIBGIM  |d 2019-11-21  |i 4045610  |l 1  |m 1  |o 005.1 PRE 2002  |p 4045610  |r 2025-01-15  |s 2024-10-23  |w 2019-11-21  |y BK  |k COM